Sbírka příkladů a úloh z účetníctví v průmyslu

Uložené v:
Podrobná bibliografia
Hlavný autor: Janhuba, Miloslav
Korporativný autor: Vysoká škola ekonomická v Praze. Fakulta řízení
Ďalší autori: Kasík, K.
Médium: Kniha
Jazyk:Czech
Vydavateľské údaje: Praha Státní pedagogické nakladatelství 1983
Tagy: Pridať tag
Žiadne tagy, Buďte prvý, kto otaguje tento záznam!

MARC

LEADER 00000nam a2200000 4500
001 c115592
005 20190201111433.3
041 0 |a cze 
044 |a CZ 
245 1 0 |a Sbírka příkladů a úloh z účetníctví v průmyslu  |c Miloslav Janhuba, K. Kasík 
264 1 |a Praha  |b Státní pedagogické nakladatelství  |c 1983 
300 |a 123 s. 
100 1 |a Janhuba, Miloslav 
700 1 |a Kasík, K. 
710 2 |a Vysoká škola ekonomická v Praze. Fakulta řízení